Network Processor design issues and Practices / (Record no. 1341)
[ view plain ]
| 000 -LEADER | |
|---|---|
| Fixed length control field | 00471nam a2200169 4500 |
| 003 - CONTROL NUMBER IDENTIFIER | |
| Control field | SEACOMEC |
| 005 - DATE AND TIME OF LATEST TRANSACTION | |
| Control field | 20241122121516.0 |
| 008 - FIXED-LENGTH DATA ELEMENTS--GENERAL INFORMATION | |
| Fixed length control field | 240618b |||||||| |||| 00| 0 eng d |
| 020 ## - INTERNATIONAL STANDARD BOOK NUMBER / ISBN | |
| Price | 295.00 |
| International Standard Book Number | 978-1558608757 |
| 040 ## - CATALOGING SOURCE | |
| Original cataloging agency | SEACOMEC |
| 082 ## - DEWEY DECIMAL CLASSIFICATION NUMBER | |
| Classification number | 004.21 |
| Book Number | N476 |
| 100 ## - MAIN ENTRY--PERSONAL NAME | |
| Personal name | Crowley, Patrick ..et.al |
| 245 ## - TITLE STATEMENT | |
| Title | Network Processor design issues and Practices / |
| Statement of responsibility | Patrick Crowleyand others |
| 260 ## - IMPRINT | |
| Place of publication | New DElhi |
| Name of publisher | Elsevier |
| Date of publication | 2004 |
| 300 ## - PHYSICAL DESCRIPTION | |
| Page / Vol. No | Vol- 1 |
| 942 ## - ADDED ENTRY ELEMENTS (KOHA) | |
| Koha item type | Books |
| Withdrawn status | Lost status | Source of classification | Damaged status | Not for loan | Home library | Current library | Date acquired | Total Checkouts | Call number | Accession number | Date last seen | Price effective from | Koha item type | Copy number |
|---|---|---|---|---|---|---|---|---|---|---|---|---|---|---|
| Dewey Decimal Classification | SEACOM ENGINEERING COLLEGE | SEACOM ENGINEERING COLLEGE | 18/06/2024 | 004.21 N476 | 5670 | 18/06/2024 | 18/06/2024 | Books | ||||||
| Dewey Decimal Classification | SEACOM ENGINEERING COLLEGE | SEACOM ENGINEERING COLLEGE | 31/07/2007 | 004.21 N476 | 7776 | 22/11/2024 | 22/11/2024 | Books | 1 |
